Statistics for A-Z: Human Body

Click here to take the quiz!

General Stats

  • This quiz has been taken 114 times
    (99 since last reset)
  • The average score is 19 of 26

Answer Stats

HintAnswer% Correct
The literal liquid of lifeBBlood
97%
Toughest bone in the bodyFFemur
94%
Term for the study of the human bodyAAnatomy
87%
Organ used to create insulinPPancreas
87%
The top layer of your skinEEpidermis
84%
Red organs that filter your blood and look like beansKKidneys
83%
Nodes in your body where you will find lots of white blood cellsLLymph Nodes
83%
Group of four muscles in your thighsQQuadriceps
83%
The inside of your body that's made of bonesSSkeleton
82%
Female organ that babies grow inWWomb
82%
Term for when your skin is yellow because of a liver problemJJaundice
79%
Growth on tissue that can be either benign or malignantTTumour
79%
The study of women and women's healthGGynaecology
78%
Substance in your body that colours the skin and hairMMelanin
77%
Muscle under your lungs which helps you breatheDDiaphragm
76%
What the above should do when you have a cutCClot
72%
One of 46 pieces of DNA in a cell which helps to determine genderXX Chromosome
68%
Another piece of DNA which determines genderYY chromosome
68%
Hanging bit of tissue that is seen when you screamUUvula
67%
Condition involving periods of diarrhoea or constipation (Abbreviation)IIBS
63%
Term for when your blood pressure is to highHHypertension
60%
System that has the kidneys and the bladder as parts of itRRenal System
54%
Nerve used for the sense of smellOOlfactory Nerve
45%
Condition which causes random dark or light spots on your skin, notably Michael Jackson had itVVitiligo
45%
A unit of kidney functionNNephron
34%
Bone on the side of the face, known also as the cheek boneZZygomatic Bone
33%

Score Distribution

Percentile by Number Answered

Percent of People with Each Score

Your Score History

You have not taken this quiz since the last reset